| 000 | 00359nam a22001337a 4500 | ||
|---|---|---|---|
| 003 | OSt | ||
| 008 | 250110b |||||||| |||| 00| 0 eng d | ||
| 041 | _aeng | ||
| 100 |
_aRamamutham, S _96918 |
||
| 245 |
_aEngineering Fluid Mechanics and Fluid _bText Book of Hydraulic Machines |
||
| 250 | _a2nd | ||
| 260 |
_aNew Delhi: _bS Chand & Co Ltd, _c1985. |
||
| 942 | _cBK | ||
| 999 |
_c19010 _d19010 |
||